Spot the Catalan! - Statistics

General Stats
  • This quiz has been taken 235 times
    44 since last reset
  • The average score is 12 of 15
Answer Stats
Question Answer % Correct
Flags
95%
Letters ç
95%
Seas Balearic Sea
92%
Names Catalunya
92%
Cities by picture
90%
Former Presidents Carles Puigdemont
87%
Painters Dalí
87%
Cities Girona
85%
Barça players Xavi
82%
Sportsmen Pau Gasol
77%
Highest Mountain Pica d'Estats
77%
Singers Rosalia
77%
Dances Sardana
69%
Dishes Escudella
67%
Beers Damm
59%
No matching quizzes found
Score Distribution
Percent of People with Each Score
Percentile by Number Answered
Your Score History
You have not taken this quiz since the last reset